| 000 | 01517nam a2200313 c 4500 | ||
|---|---|---|---|
| 003 | BLK | ||
| 005 | 20180420220614.0 | ||
| 008 | 180408b bul|||||r ||||||| ||bul|| | ||
| 010 | _aKNG00035650000 | ||
| 020 |
_a954-649-338-4 _bиздат.: Сиела Софт енд Паблишинг |
||
| 040 | _aBLK | ||
| 041 |
_aBUL _cBUL |
||
| 080 |
_aОбществени финанси. Финансово законодателство. Подразделя се със знака за съотношение и индекса 336. 12 _b351.72 _x:336.2(497.2)(094.9) _z351.72:336.2(497.2)(094.9) |
||
| 110 | 1 |
_aБългария. Закони и др. п. _9243213 |
|
| 139 |
_aБългария. Закони и др. п. _bБ 92 |
||
| 245 | 1 | 0 |
_aДанъчно облагане 2001 _bКъм ДВ, бр. 15 от 2001 г. |
| 257 | _aBGR | ||
| 260 |
_аСофия _bСиела Софт енд Паблишинг _c2001 |
||
| 300 |
_a494 с. _c21 см |
||
| 380 | _a3 | ||
| 500 | _aЗакон за местните данъци и такси ; Закон за корпоративното подоходно облагане ; Закон за ДДС ; Правилник за прилагане на Закона за ДД | ||
| 650 | 4 |
_aДанъци - България - законодателни и директивни материали _9249104 |
|
| 653 | _aданъчно облагане | ||
| 852 | _aЦб 207934 | ||
| 856 | 4 |
_qpdf _u |
|
| 856 | 4 |
_qpdf _u |
|
| 942 |
_cKNG _n0 |
||
| 944 |
_aCR _c15.01.2003 _kAB_DOS |
||
| 944 |
_aED _c15.01.2003 _k |
||
| 999 |
_c32969 _d32969 |
||